00778 2200241 4500001002100000005001700021008004100038020001800079035002500097040001200122082000800134084001400142100002300156245014600179250001100325260005100336300003700387500003100424650003000455700002600485850001200511990001300523INLIS00000000000778220150708093402.0 ind  a979-669-808-0 a0010-071500000000465 aYOPDYOG a100 a100 Mar B aMARZUKI, Johansyah aBudaya Ilmiah dan Filsafat Ilmu :bThe Culture of Science and The Philosophy of Science /cDjohansjah Marzoeki ; editor, R. Masri Soreb Putra aCet. 1 aJakartabGramedia Widia Sarana Indonesiac2000 axii. 104 hlm. :bilus. ;c21 cm. aBibliografi : hlm. 102-103 aFilsafat Ilmu Pengetahuan aPUTRA, R. Masri Sareb aYOPDYOG a152-PK/B